00908nam a2200301Ia 4500001000700000003000500007008004100012010001100053040000900064082001600073100002900089245009900118260003900217300001100256440000500267500001600272503001100288650004200299650005300341650005100394901001600445902000600461910000900467942000600476942000700482999001900489952009800508Z_2972CHAP220113s1994 xx 000 0 und d a166058 cCHAP a636.5085 B6 aBoushy, A. R. Y.9140109 aPoultry feed from waste : processing and use /cby A. R. Y. Boushy and A. F. B. Van der Poel aLondon :bChapman and Hall,c1994 a438 p. a aFotocopía a175460 aAves de corralxAlimentación 98638 aForrajes I. Poel, A. F. B. Vander II. t.9140110 aSubproductos en alimentación animal 9140111 a636.5085 B6 aA a1994 c1 cc1 c166058d166058 00102ddc40708GRALaZbZc1d2005-11-09pz_3226r2022-01-18 00:00:00t1w2022-01-18yLIBRO